000 00469nmm a2200157Ia 4500
008 251105s9999||||xx |||||||||||||||||und||
041 _aspa
100 _aLópez Cortezo, Carlos
245 0 _aLa estructura moral del "Infierno" de Dante
264 _a[Madrid, España] :
_bAkal,
_c2022
300 _a384 páginas
490 _aUniversitaria
650 _aItalian literature and language
856 _uhttps://public.digitaliapublishing.com/a/113684
942 _cCF
999 _c100915
_d100915